000 01100nam a2200301 i 4500
003 DO-SdBNP
005 20260506111015.0
007 ta
008 260506b2025 dr ||||| |||| 00| 0 spa d
020 _a9789945656848
040 _aDO-SdBNP
_bspa
_cBNPHU
_erda
041 _aspa
082 4 _axxx
_bG831c
_222
100 _aGresina, Valentín Vidal,
_eautor
_4aut.
_989477
245 1 0 _aConfiguración familiar en adolescentes masculinos en conflicto con la ley /
_cValentín Vidal Gresina ; prólogo, José Rafael Dunker Lambert
264 1 _aSanto Domingo :
_bEditorial Santuario,
_c2025.
300 _a153 páginas ;
_c23 cm.
336 _atexto
_btxt
_2rdacontent
337 _asin mediación
_bn
_2rdamedia
338 _avolumen
_bnc
_2rdacarrier
500 _aIncluye datos biográficos del autor en las solapas
500 _aIncluye referencias bibliográficas y notas al pie de las páginas
504 _aBibliografía : página 146-153
590 _aInventariado, 2026/BT
700 _aDunker Lambert, José Rafael,
_eprologuista
_4pr.
_989478
910 _aBtavárez
942 _2ddc
_cLBS1
999 _c60675
_d60675